000 00603nam a22001937a 4500
999 _c17340
_d17340
003 AR-CdUCM
008 190508b ||||| |||| 00| 0 spa d
040 _aMUNICIPALIDAD PROVINCIAL DEL CUSCO
_cBIBLIOTECA MUNICIPAL DEL CUSCO
082 _a413 /
_bB25
100 _aBartra, Roger.
_937301
245 _aBreve diccionario de sociología marxista /
260 _aMéxico :
_bGrijalbo,
_c1973.
300 _a149 páginas ;
_c19 cm.
440 _aColección 70.
_n127.
_937302
505 _aContenido :Diccionario ...
650 _aDiccionario.
_95196
942 _2ddc
_cLIBROS
945 _arum
_d2019-05-08